| 000 | 003220000a22000970004500 | ||
|---|---|---|---|
| 100 | 1 | _aAtiencia, Jorge | |
| 245 | 1 | 0 | _a"Submarines" surface on chilean campuses : Latin students exploit heightened openness to Gospel |
| 300 | _aVol. 73, Num 4 (Octubre-Diciembre), Página 3 | ||
| 773 | 0 | _tLatin America Evangelist | |
| 942 | _cANA | ||
| 999 |
_c54761 _d54761 |
||